000 00515nam a2200181Ia 4500
005 20250326125323.0
008 250326s9999 xx 000 0 und d
037 _aTextbook
040 _aFMSL
_beng
_cFMSL
041 _aeng
_2eng
084 _aX8(A):5 L7
_qFMSL
100 _aJacquemin A P
_9738873
245 0 _aEuropean industrial organisation
_cJacquemin A P; Jong H W D
260 _aLondon
_bLondon, Macmillan
_c1977
300 _a269p
942 _cTB
_hX8(A):5 L7
999 _c1277518
_d1277518